[Event "26th Troya Open 2018"]
[Site "Canakkale"]
[Date "2018.08.10"]
[Round "8.1"]
[White "Sibashvili, Giorgi"]
[Black "Eminov, Orkhan"]
[Result "0-1"]
[WhiteElo "2410"]
[BlackElo "2272"]
[Annotator "TA"]
[PlyCount "66"]
[EventDate "2018.08.06"]
[EventType "swiss"]
[EventCountry "TUR"]
[SourceTitle "playchess.com"]
[Source "ChessBase"]
[SourceQuality "1"]

{[%evp 22,66,-7,-13,-7,-7,-30,-4,-9,-69,-8,-13,-14,-3,-15,-134,-137,-145,-147,-136,-127,-145,-151,-542,-540,-511,-436,-442,-470,-450,-444,-442,-436,-444,-443,-522,-516,-666,-652,-601,-556,-729,-571,-627,-621,-977,-969]} 1. d4 Nf6 2. c4 g6 3. Nc3 Bg7 4. e4 d6 5. f3 Nc6 {[%cal Bb8c6,Bc6a5,Ba5b7][%mdl 32]} 6. Be3 a6 7. Qd2 O-O 8. Nge2 Na5 {E83: King's Indian: Sämisch Panno (6...Nc6): Lines without either Nge2 or Qd2} (8... Rb8 9. Rc1 Bd7 10. Nd1 b5 11. c5 Ne8 12. Nf2 e6 13. g3 f5 14. Bg2 Nf6 15. O-O Kh8 16. b3 d5 17. e5 Ng8 {1-0 (69) Vitiugov,N (2734)-Hjartarson,J (2523) Helsingor 2018}) 9. Ng3 b5 10. cxb5 axb5 11. Rc1 b4 12. Nd1 {LiveBook: 4 Games} Nb7 13. Qxb4 c5 14. dxc5 $146 ({Predecessor:} 14. Qd2 cxd4 15. Bxd4 Rxa2 16. Bc4 {½-½ (46) Nazarenus,M (2259)-Heberla,B (2570) Karlsruhe 2018}) 14... Nxc5 15. Bc4 (15. Qd2 $11) 15... Rxa2 (15... Nfd7 $1 $15) 16. Qd2 $11 Ba6 17. Bxc5 Bxc4 18. Ba3 (18. Rxc4 $11 {remains equal.} dxc5 19. Qxd8 Rxd8 20. Rxc5) 18... Ba6 $1 $17 19. Nc3 {[#]} Rxa3 $1 {[%mdl 512]} 20. bxa3 {[#]} Nd7 $1 {[%cal Bf6d7,Bd7c5,Bc5d3,Bd3c1][%mdl 32]} 21. Nge2 Nc5 {[%mdl 1024] Black has strong compensation.} 22. Rc2 $2 {[#]} (22. O-O $17 {was the crucial defense.} Nb3 23. Qe3 Nxc1 24. Rxc1) 22... Nd3+ $1 $19 {Black is clearly winning.} 23. Kf1 {intending Nd5.} Qb6 {[%csl Gd3][%cal Rb6f2]} 24. Nd1 f5 25. Qe3 Qb1 {[%cal Rb1d1]} 26. Rd2 Nc1 27. Kf2 {With the idea Nxc1.} Nxe2 (27... Bxe2 $2 28. Nc3 $19) 28. Re1 Nc1 29. Kg1 Nd3 30. Rf1 Ne5 31. Rb2 Qa1 32. Qb3+ Bc4 33. Qb4 Bxf1 {Precision: White = 42%, Black = 71%.} 0-1

[Event "26th Troya Open 2018"]
[Site "Canakkale"]
[Date "2018.08.10"]
[Round "8.3"]
[White "Darban, Morteza"]
[Black "Abdulla, Khayala"]
[Result "1-0"]
[WhiteElo "2331"]
[BlackElo "2245"]
[Annotator "ChessBase"]
[PlyCount "71"]
[EventDate "2018.08.06"]
[EventType "swiss"]
[EventCountry "TUR"]
[SourceTitle "playchess.com"]
[Source "ChessBase"]
[SourceQuality "1"]
[TimeControl "5400+30"]

1. Nf3 {[%emt 0:00:30]} Nf6 {[%emt 0:00:30]} 2. d3 {[%emt 0:00:30]} d5 {[%emt 0:00:30]} 3. g3 {[%emt 0:00:30]} e6 {[%emt 0:00:30]} 4. Bg2 {[%emt 0:00:30]} c5 {[%emt 0:00:30]} 5. O-O {[%emt 0:00:30]} Nc6 {[%emt 0:00:30]} 6. Nbd2 {[%emt 0:00:00]} Be7 {[%emt 0:09:30]} 7. e4 {[%emt 0:00:00]} dxe4 {[%emt 0:11:30]} 8. dxe4 {[%emt 0:00:30]} e5 {[%emt 0:01:30]} 9. c3 {[%emt 0:01:30]} O-O {[%emt 0:08:30]} 10. Qe2 {[%emt 0:06:30]} Qc7 {[%emt 0:01:30]} 11. Nc4 {[%emt 0:01:30]} b5 {[%emt 0:03:30]} 12. Ne3 {[%emt 0:02:30]} Rd8 {[%emt 0:18:30]} 13. Qxb5 {[%emt 0:13:30]} a5 {[%emt 0:12:30]} 14. Qa4 {[%emt 0:00:00]} Ba6 {[%emt 0:01:30]} 15. Re1 {[%emt 0:03:00]} Rab8 {[%emt 0:00:30]} 16. Nd2 {[%emt 0:04:30]} Bb5 {[%emt 0:04:30]} 17. Qd1 {[%emt 0:00:30]} Bd3 {[%emt 0:00:00]} 18. Nd5 {[%emt 0:01:30]} Nxd5 {[%emt 0:04:12]} 19. exd5 {[%emt 0:00:30]} Na7 {[%emt 0:00:11]} 20. c4 {[%emt 0:07:30]} Nc8 {[%emt 0:00:40]} 21. b3 {[%emt 0:02:30]} Nd6 {[%emt 0:03:23]} 22. Nf3 {[%emt 0:03:30]} Bf6 {[%emt 0:04:25]} 23. Nxe5 {[%emt 0:09:30]} Bxe5 {[%emt 0:10:10]} 24. Rxe5 {[%emt 0:00:00]} Bg6 {[%emt 0:02:12]} 25. Bf4 {[%emt 0:00:00]} a4 {[%emt 0:00:02]} 26. h4 {[%emt 0:05:30]} h6 {[%emt 0:00:53]} 27. h5 {[%emt 0:00:30]} Bh7 {[%emt 0:00:00]} 28. Qg4 {[%emt 0:00:30]} Kf8 {[%emt 0:01:16]} 29. Rae1 {[%emt 0:02:30]} axb3 {[%emt 0:00:30]} 30. axb3 {[%emt 0:00:00]} Rxb3 {[%emt 0:00:00]} 31. Re7 {[%emt 0:00:00]} Qb6 {[%emt 0:00:59]} 32. Be5 {[%emt 0:08:30]} Nf5 {[%emt 0:00:31]} 33. Bc7 {[%emt 0:00:30]} Nxe7 {[%emt 0:00:00]} 34. Bxb6 {[%emt 0:02:30]} Rxb6 {[%emt 0:00:23]} 35. Qf4 {[%emt 0:00:30]} Rbd6 {[%emt 0:00:30]} 36. Qe3 {[%emt 0:00:00]} 1-0

[Event "26th Troya Open 2018"]
[Site "Canakkale"]
[Date "2018.08.10"]
[Round "8.4"]
[White "Al Shabibi, Mohammed Sultan"]
[Black "Arat, Ufuk Sezen"]
[Result "0-1"]
[WhiteElo "1382"]
[BlackElo "2386"]
[Annotator "NA"]
[PlyCount "96"]
[EventDate "2018.08.06"]
[EventType "swiss"]
[EventCountry "TUR"]
[SourceTitle "playchess.com"]
[Source "ChessBase"]
[SourceQuality "1"]
[TimeControl "5400+30"]

{[%evp 8,86,70,47,44,0,12,0,32767,32767,32767,32767,32767,32767,32767,-266,-274,32767,32767,32767,32767,32767,-360,-341,-317,-353,-347,-410,-403,-430,-341,-331,-331,-339,-313,-324,-247,32767,32767,32767,32767,32767,-347,-356,-337,-325,-251,-268,-282,-270,-254,-287,-267,-247,-272,-266,-257,-321,-323,-345,32767,32767,32767,32767,32767,32767,32767,-515,-511,-826,-873,32767,32767,32767,32767,-29984,-29983,-12845,-29983,-29976,-12846]} 1. e4 {[%emt 0:00:30]} g6 {[%emt 0:20:30]} 2. d4 {[%emt 0:02:30]} d6 {[%emt 0:00:30]} 3. Nc3 {[%emt 0:00:30]} Nf6 {[%emt 0:00:30]} 4. Bg5 {[%emt 0:06:30]} h6 {[%emt 0:04:30]} 5. Bxf6 {[%emt 0:04:30] LiveBook: 14 Games B07: Pirc-Ufimzew-Verteidigung} (5. Bf4 Bg7 6. Qd2 g5 7. Bg3 Nh5 8. O-O-O c6 9. Nge2 b5 10. f4 Qa5 11. a3 Nd7 12. Kb1 Nb6 13. fxg5 Nc4 14. Qd3 hxg5 15. Nc1 Qb6 16. Nb3 {0-1 (38) Amin,B (2689)-Petrosian,T (2601) Riadh 2017}) 5... exf6 {[%emt 0:00:30]} 6. Nf3 {[%emt 0:01:30]} Bg7 {[%emt 0:02:30]} 7. Bb5+ {[%emt 0:05:30]} c6 {[%emt 0:14:30]} 8. Bd3 {[%emt 0:01:30]} Qb6 $146 {[%emt 0:02:30]} ({Vorgänger:} 8... O-O 9. O-O Bg4 10. h3 Bd7 11. Qd2 Na6 12. Ne2 Nc7 {½-½ (55) Chovan,M (2093)-Koval,M (2098) Slovakia 2015}) 9. Na4 {[%emt 0:03:30]} Qa5+ {[%emt 0:01:30]} 10. c3 {[%emt 0:00:30]} b5 {[%emt 0:00:30]} 11. O-O {[%emt 0:16:30]} bxa4 {[%emt 0:00:30]} 12. b4 {[%emt 0:00:30]} axb3 {[%emt 0:00:00]} 13. Qxb3 {[%emt 0:01:30]} O-O {[%emt 0:00:00]} 14. Nd2 {[%emt 0:00:30]} Ba6 {[%emt 0:01:30]} 15. Nc4 {[%emt 0:01:30]} Bxc4 {[%emt 0:00:30]} 16. Bxc4 {[%emt 0:00:30]} Nd7 {[%emt 0:00:00]} 17. Qb7 {[%emt 0:00:30]} Nb6 {[%emt 0:00:00]} 18. Bb3 {[%emt 0:00:30]} Qxc3 {[%emt 0:00:00]} 19. Rac1 {[%emt 0:01:30]} Qxd4 {[%emt 0:00:00]} 20. Rxc6 {[%emt 0:00:00]} Rac8 {[%emt 0:06:30]} 21. Rxc8 {[%emt 0:03:00]} Rxc8 {[%emt 0:10:30]} 22. Qxf7+ {[%emt 0:05:30]} Kh7 {[%emt 0:00:30]} 23. Qxa7 {[%emt 0:00:00]} Re8 {[%emt 0:00:00]} 24. h4 {[%emt 0:07:00]} h5 {[%emt 0:07:00]} ({Schwächer ist} 24... Rxe4 {[#]} 25. h5 $1 $17 {[%mdl 512]}) 25. Rd1 {[%emt 0:12:30]} Qc5 {[%emt 0:00:30]} ({Stronger than} 25... Qxe4 26. Qxb6 Qxh4 27. Qxd6 $11) 26. Qb7 {[%emt 0:00:30] [#]} d5 $1 {[%emt 0:06:30]} 27. Bxd5 {[%emt 0:14:39]} Nxd5 {[%emt 0:00:30]} 28. Qxd5 {[%emt 0:00:00]} Qxd5 {[%emt 0:01:30]} 29. exd5 {[%emt 0:00:29]} Bf8 {[%emt 0:00:30]} 30. d6 {[%emt 0:00:00]} Rd8 {[%emt 0:00:32]} 31. d7 {[%emt 0:00:08]} Kg7 {[%emt 0:00:28]} 32. f3 {[%emt 0:02:12]} Kf7 {[%emt 0:00:30]} 33. g4 {[%emt 0:00:13]} Ke6 {[%emt 0:00:30]} 34. Kf2 {[%emt 0:02:11]} Bd6 {[%emt 0:00:00]} 35. gxh5 {[%emt 0:01:35]} gxh5 {[%emt 0:00:00]} 36. Rb1 {[%emt 0:00:30]} Rxd7 {[%emt 0:00:30]} 37. Rb5 {[%emt 0:00:00]} f5 {[%emt 0:00:00]} 38. Ra5 {[%emt 0:01:19] [#]} Ra7 $1 {[%emt 0:01:00]} 39. Rxa7 {[%emt 0:02:16]} Bc5+ {[%emt 0:00:30]} 40. Kg3 {[%emt 0:00:30]} Bxa7 {[%emt 0:00:00]} 41. a4 {[%emt 0:00:31]} Bb8+ {[%emt 0:00:00]} 42. Kg2 {[%emt 0:00:15]} Bc7 {[%emt 0:00:30]} 43. Kf2 {[%emt 0:00:30]} Ke5 {[%emt 0:00:00]} 44. Ke2 {[%emt 0:01:00]} Kf4 {[%emt 0:00:00]} 45. Kf2 {[%emt 0:00:30]} Bd8 {[%emt 0:00:00]} 46. Kg2 {[%emt 0:01:04]} Bxh4 {[%emt 0:00:00]} 47. a5 {[%emt 0:00:30]} Bd8 {[%emt 0:00:30]} 48. a6 {[%emt 0:00:30]} Bb6 {[%emt 0:00:00]} 0-1

[Event "26th Troya Open 2018"]
[Site "Canakkale"]
[Date "2018.08.10"]
[Round "8.5"]
[White "Semiev, Suhrab"]
[Black "Olcum, Ahmet"]
[Result "1-0"]
[WhiteElo "2285"]
[BlackElo "2274"]
[Annotator "TA"]
[PlyCount "55"]
[EventDate "2018.08.06"]
[EventType "swiss"]
[EventCountry "TUR"]
[SourceTitle "playchess.com"]
[Source "ChessBase"]
[SourceQuality "1"]

{[%evp 19,55,41,42,18,38,19,16,8,18,0,35,8,35,20,25,17,23,29,36,33,39,37,56,21,47,54,234,212,514,403,574,574,574,570,567,568,554,545]} 1. d4 d6 2. e4 g6 3. Nc3 Bg7 4. g3 Nf6 5. Bg2 O-O 6. Nge2 Na6 7. h3 c5 8. Be3 cxd4 9. Nxd4 Nc5 10. O-O Bd7 {LiveBook: 18 Games. B07: Pirc Defence: Miscellaneous Systems} 11. Re1 (11. Nb3 Na4 12. Nxa4 Bxa4 13. Nd4 Bd7 14. Qd3 Rc8 15. c4 Qa5 16. Rfd1 Rfd8 17. a3 a6 18. Rac1 {0-1 (54) Kacheishvili,G (2600)-Kotronias,V (2607) Tripoli 2004 CBM 102 [Finkel,A]}) 11... Rc8 12. Nb3 {And now Nxc5 would win.} b6 {The position is equal.} 13. Qd2 $146 ({Predecessor:} 13. Bd4 Ne6 14. e5 dxe5 15. Bxe5 Ng5 16. Kh2 Bc6 17. Qxd8 Rfxd8 18. Nd4 Bxg2 19. Kxg2 {0-1 (39) Tournier,M (2205)-Isserman,R (2325) Nice 2004}) 13... Re8 14. Rad1 Qc7 15. Bg5 {[#] e5! is the strong threat.} Bc6 16. Nd4 Bb7 17. Nd5 $36 {[%mdl 2048] White fights for an advantage.} Nxd5 18. exd5 Bxd4 19. Qxd4 e5 20. Qd2 Nd7 21. c3 Qc4 22. Bf1 Qxa2 $2 ({Black should play} 22... Qc7 $14) 23. Bb5 $18 Nf8 $2 (23... h6 24. Bh4 (24. Bxd7 hxg5 25. Bxe8 Rxe8 $18) 24... Nf8 25. Qxh6 Nh7) 24. Bf6 {[#] White wants to mate with Qh6.} Qxd5 (24... Re6 $142) 25. Qxd5 {White is clearly winning.} Bxd5 26. Bxe8 Bb3 27. Bb5 Bxd1 28. Rxd1 {Precision: White = 48%, Black = 33%.} 1-0

[Event "26th Troya Open 2018"]
[Site "Canakkale"]
[Date "2018.08.10"]
[Round "8.6"]
[White "Laciner, Kerem"]
[Black "Can, Melih Kaan"]
[Result "1-0"]
[WhiteElo "2240"]
[BlackElo "2183"]
[Annotator "TA"]
[PlyCount "55"]
[EventDate "2018.08.06"]
[EventType "swiss"]
[EventCountry "TUR"]
[SourceTitle "playchess.com"]
[Source "ChessBase"]
[SourceQuality "1"]

{[%evp 24,55,45,43,60,42,43,51,44,61,65,54,289,314,287,212,202,180,752,742,740,705,706,698,673,489,487,487,482,480,466,466,506,501]} 1. d4 {RR} Nf6 2. c4 c5 3. d5 e6 4. Nc3 exd5 5. cxd5 d6 6. e4 g6 7. f4 Bg7 8. Bb5+ Nfd7 9. a4 Qh4+ 10. g3 {A67: Modern Benoni: Taimanov Variation} Qd8 (10... Qe7 11. Nf3 O-O 12. O-O a6 13. Bd3 Nf6 14. e5 Ne8 15. f5 dxe5 16. Bg5 Qc7 17. Nd2 Nd6 18. Nc4 Bxf5 19. Nxd6 Bxd3 20. Qxd3 Qxd6 {1-0 (55) Moiseenko,A (2677)-Gabrielian,A (2525) Minsk 2017}) 11. Nf3 O-O 12. O-O Na6 13. Re1 {LiveBook: 9 Games} Re8 14. e5 $146 ({Predecessor:} 14. h3 Nb4 15. Kh2 a6 16. Bf1 f5 17. exf5 Rxe1 18. Nxe1 gxf5 {1-0 (28) Neelotpal,D (2424)-Le Ruyet,L (2242) Sautron 2014 EXT 2015 [RR]}) 14... dxe5 15. fxe5 Rxe5 16. Nxe5 Nxe5 17. Bf4 f6 $2 ({Better is} 17... Bg4 $14 18. Be2 Bh3) 18. Bxe5 fxe5 19. Ne4 Nb4 20. Qb3 {And now d6+ would win.} (20. Nxc5 Qb6 $16) 20... b6 $2 (20... Bf5 21. d6+ (21. Nxc5 Nc2 $11) 21... Kh8) 21. d6+ $18 {[%cal Bd5d6,Bd6d7][%mdl 32] White is clearly winning.} Kh8 {[#]} 22. d7 $1 {[%mdl 512] Threatens to win with Nd6.} Bb7 (22... Bxd7 23. Rad1) 23. Nd6 {Black must now prevent Nf7+.} Bd5 {[#]} 24. Qxd5 $1 {[%mdl 512]} Nxd5 25. Nf7+ Kg8 26. Nxd8 Rxd8 27. Bc4 Rxd7 28. Rad1 {Precision: White = 97%, Black = 43%.} 1-0

[Event "26th Troya Open 2018"]
[Site "Canakkale"]
[Date "2018.08.10"]
[Round "8.7"]
[White "Lomsadze, Davit"]
[Black "Soyunlu, Narmin"]
[Result "1-0"]
[WhiteElo "2352"]
[BlackElo "2061"]
[Annotator "ChessBase"]
[PlyCount "79"]
[EventDate "2018.08.06"]
[EventType "swiss"]
[EventCountry "TUR"]
[SourceTitle "playchess.com"]
[Source "ChessBase"]
[SourceQuality "1"]
[TimeControl "5400+30"]

1. Nf3 {[%emt 0:00:30]} Nf6 {[%emt 0:00:30]} 2. g3 {[%emt 0:00:30]} d5 {[%emt 0:00:30]} 3. Bg2 {[%emt 0:00:30]} c5 {[%emt 0:00:30]} 4. O-O {[%emt 0:00:30]} Nc6 {[%emt 0:00:30]} 5. c4 {[%emt 0:00:30]} d4 {[%emt 0:00:30]} 6. d3 {[%emt 0:00:00]} e5 {[%emt 0:08:30]} 7. a3 {[%emt 0:03:00]} a5 {[%emt 0:07:30]} 8. e4 {[%emt 0:00:30]} dxe3 {[%emt 0:08:30]} 9. Bxe3 {[%emt 0:02:30]} Be7 {[%emt 0:15:30]} 10. Nc3 {[%emt 0:00:30]} O-O {[%emt 0:02:30]} 11. Re1 {[%emt 0:03:30]} Bg4 {[%emt 0:07:30]} 12. h3 {[%emt 0:05:30]} Bh5 {[%emt 0:01:30]} 13. g4 {[%emt 0:04:30]} Bg6 {[%emt 0:01:30]} 14. Qb3 {[%emt 0:01:30]} Nd4 {[%emt 0:08:30]} 15. Bxd4 {[%emt 0:09:30]} exd4 {[%emt 0:02:30]} 16. Nd5 {[%emt 0:00:30]} Nxd5 {[%emt 0:06:30]} 17. cxd5 {[%emt 0:00:30]} Bd6 {[%emt 0:00:30]} 18. Ne5 {[%emt 0:01:30]} a4 {[%emt 0:07:43]} 19. Qb5 {[%emt 0:02:30]} Qc7 {[%emt 0:03:38]} 20. f4 {[%emt 0:04:30]} f6 {[%emt 0:01:03]} 21. Nxg6 {[%emt 0:02:30]} hxg6 {[%emt 0:00:04]} 22. f5 {[%emt 0:00:30]} Ra5 {[%emt 0:06:16]} 23. Qc4 {[%emt 0:00:30]} g5 {[%emt 0:00:57]} 24. Re4 {[%emt 0:02:30]} b5 {[%emt 0:00:41]} 25. Qc2 {[%emt 0:00:30]} Be5 {[%emt 0:01:42]} 26. Rae1 {[%emt 0:01:30]} c4 {[%emt 0:01:15]} 27. Kh1 {[%emt 0:01:30]} Rc8 {[%emt 0:00:32]} 28. Qd2 {[%emt 0:02:30]} c3 {[%emt 0:02:10]} 29. bxc3 {[%emt 0:00:00]} Qxc3 {[%emt 0:00:19]} 30. Qe2 {[%emt 0:01:00]} Qc7 {[%emt 0:01:37]} 31. h4 {[%emt 0:00:30]} Qc2 {[%emt 0:01:16]} 32. Rxe5 {[%emt 0:03:30]} fxe5 {[%emt 0:00:30]} 33. Qxe5 {[%emt 0:00:00]} Qf2 {[%emt 0:01:03]} 34. d6 {[%emt 0:00:00]} b4 {[%emt 0:01:55]} 35. Qe6+ {[%emt 0:01:30]} Kh7 {[%emt 0:00:01]} 36. d7 {[%emt 0:00:00]} Qxh4+ {[%emt 0:01:04]} 37. Kg1 {[%emt 0:00:00]} Rf8 {[%emt 0:00:18]} 38. Qg6+ {[%emt 0:00:30]} Kg8 {[%emt 0:00:03]} 39. Re8 {[%emt 0:00:30]} Ra8 {[%emt 0:00:35]} 40. f6 {[%emt 0:00:30]} 1-0

[Event "26th Troya Open 2018"]
[Site "Canakkale"]
[Date "2018.08.10"]
[Round "8.8"]
[White "Guseynov, Alihan"]
[Black "Yasin, Hur"]
[Result "1-0"]
[WhiteElo "2329"]
[BlackElo "2023"]
[Annotator "ChessBase"]
[PlyCount "61"]
[EventDate "2018.08.06"]
[EventType "swiss"]
[EventCountry "TUR"]
[SourceTitle "playchess.com"]
[Source "ChessBase"]
[SourceQuality "1"]
[TimeControl "5400+30"]

1. Nf3 {[%emt 0:00:30]} Nf6 {[%emt 0:00:30]} 2. c4 {[%emt 0:00:30]} c5 {[%emt 0:00:30]} 3. Nc3 {[%emt 0:00:30]} Nc6 {[%emt 0:00:30]} 4. d4 {[%emt 0:00:30]} cxd4 {[%emt 0:00:30]} 5. Nxd4 {[%emt 0:00:30]} g6 {[%emt 0:00:30]} 6. g3 {[%emt 0:00:30]} Bg7 {[%emt 0:00:30]} 7. Bg2 {[%emt 0:00:30]} O-O {[%emt 0:00:30]} 8. O-O {[%emt 0:00:30]} Nxd4 {[%emt 0:00:30]} 9. Qxd4 {[%emt 0:03:30]} d6 {[%emt 0:01:30]} 10. Qd3 {[%emt 0:00:30]} Re8 {[%emt 0:01:30]} 11. Bd2 {[%emt 0:08:30]} Bf5 {[%emt 0:00:30]} 12. e4 {[%emt 0:01:30]} Bd7 {[%emt 0:00:30]} 13. Rac1 {[%emt 0:07:30]} Bc6 {[%emt 0:00:30]} 14. Nd5 {[%emt 0:04:30]} Nd7 {[%emt 0:00:30]} 15. Bc3 {[%emt 0:04:30]} Nc5 {[%emt 0:01:30]} 16. Qe3 {[%emt 0:06:30]} Bxc3 {[%emt 0:03:30]} 17. Rxc3 {[%emt 0:01:30]} a5 {[%emt 0:06:30]} 18. e5 {[%emt 0:09:30]} Rc8 {[%emt 0:00:30]} 19. Bh3 {[%emt 0:13:30]} Rb8 {[%emt 0:07:30]} 20. Rd1 {[%emt 0:01:30]} b6 {[%emt 0:00:30]} 21. e6 {[%emt 0:04:30]} Bxd5 {[%emt 0:03:30]} 22. Rxd5 {[%emt 0:00:30]} f6 {[%emt 0:01:30]} 23. Qh6 {[%emt 0:01:30]} Ne4 {[%emt 0:18:30]} 24. Re3 {[%emt 0:07:30]} Ng5 {[%emt 0:01:30]} 25. Bf1 {[%emt 0:00:30]} Qc8 {[%emt 0:00:30]} 26. h4 {[%emt 0:01:30]} Nxe6 {[%emt 0:00:30]} 27. Bh3 {[%emt 0:00:49]} f5 {[%emt 0:00:00]} 28. Rxf5 {[%emt 0:00:53]} Qxc4 {[%emt 0:06:00]} 29. Rxe6 {[%emt 0:00:48]} gxf5 {[%emt 0:02:30]} 30. Bxf5 {[%emt 0:00:40]} Rbc8 {[%emt 0:04:30]} 31. Bxh7+ {[%emt 0:00:37]} 1-0

[Event "26th Troya Open 2018"]
[Site "Canakkale"]
[Date "2018.08.10"]
[Round "8.9"]
[White "Yerden, Huseyin Eren"]
[Black "Ozen, Bahadir"]
[Result "1-0"]
[WhiteElo "2051"]
[BlackElo "2302"]
[Annotator "TA"]
[PlyCount "31"]
[EventDate "2018.08.06"]
[EventType "swiss"]
[EventCountry "TUR"]
[SourceTitle "playchess.com"]
[Source "ChessBase"]
[SourceQuality "1"]

{[%evp 1,1,30]} 1. d4 {Vorgänger:} Nf6 $146 2. c4 g6 3. g3 Bg7 4. Bg2 O-O 5. Nc3 d6 6. Nf3 c5 7. O-O Nc6 8. e3 d5 9. cxd5 Nxd5 10. Nxd5 Qxd5 11. Ne5 Qd6 12. Nc4 Qc7 13. d5 Rd8 14. Bd2 Nb4 15. Bxb4 cxb4 16. Rc1 {1-0 (57) Mamedyarov,S (2801)-Carlsen,M (2842) Biel 2018} 1-0

[Event "26th Troya Open 2018"]
[Site "Canakkale"]
[Date "2018.08.10"]
[Round "8.10"]
[White "Aliyev, Elnur"]
[Black "Kirilmaz, Emre"]
[Result "1-0"]
[WhiteElo "2190"]
[BlackElo "1895"]
[Annotator "NA"]
[PlyCount "53"]
[EventDate "2018.08.06"]
[EventType "swiss"]
[EventCountry "TUR"]
[SourceTitle "playchess.com"]
[Source "ChessBase"]
[SourceQuality "1"]
[TimeControl "5400+30"]

1. c4 {[%emt 0:00:30]} e6 {[%emt 0:00:30]} 2. Nc3 {[%emt 0:00:30]} d5 {[%emt 0:00:30]} 3. d4 {[%emt 0:00:30]} Nf6 {[%emt 0:00:30]} 4. Nf3 {[%emt 0:00:30]} Be7 {[%emt 0:00:30]} 5. Bf4 {[%emt 0:00:30]} a6 {[%emt 0:07:30]} 6. e3 {[%emt 0:01:30]} O-O {[%emt 0:00:30]} 7. c5 {[%emt 0:00:00]} Nc6 {[%emt 0:01:30]} 8. Rc1 {[%emt 0:00:00] D37: Damengambit (5.Lf4)} (8. a3 Nh5 9. Bd3 Nxf4 10. exf4 Bf6 11. Ne2 g6 12. O-O Bg7 13. b4 f6 14. Qb3 e5 15. Be4 Be6 16. dxe5 {1-0 (33) David,A (2608)-Dervishi,E (2557) Fermo 2010}) 8... Bd7 {[%emt 0:01:30]} 9. Bd3 {[%emt 0:00:30]} b6 {[%emt 0:00:30]} 10. cxb6 {[%emt 0:00:30]} cxb6 {[%emt 0:00:30]} 11. Ne5 $146 {[%emt 0:06:30]} ({Vorgänger:} 11. h3 Na5 12. O-O Nc4 13. Qe2 b5 14. b3 Nd6 15. Ne5 Be8 {1-0 (26) Bogoljubow,E-Spielmann,R Triberg 1921}) 11... b5 {[%emt 0:10:30]} 12. O-O {[%emt 0:02:30]} Rc8 {[%emt 0:05:30]} 13. Bb1 {[%emt 0:04:30]} Nxe5 {[%emt 0:10:30]} 14. dxe5 {[%emt 0:05:30]} Ne8 {[%emt 0:02:30]} 15. Ne2 {[%emt 0:03:30]} Rxc1 {[%emt 0:05:30]} 16. Qxc1 {[%emt 0:02:30]} Qc7 {[%emt 0:07:30]} 17. Nd4 {[%emt 0:01:30]} a5 {[%emt 0:08:30]} 18. Qd2 {[%emt 0:05:30]} g6 {[%emt 0:03:30]} 19. Rc1 {[%emt 0:01:30]} Qa7 {[%emt 0:00:30]} 20. Bd3 {[%emt 0:06:30]} Nc7 {[%emt 0:02:30]} 21. Qc3 $16 {[%emt 0:04:30]} Na6 {[%emt 0:11:52]} 22. Bxb5 {[%emt 0:04:30]} Bxb5 {[%emt 0:03:27]} 23. Nxb5 {[%emt 0:00:30]} Qb6 {[%emt 0:00:00]} 24. Nd6 {[%emt 0:01:30]} h5 {[%emt 0:02:51]} 25. Nc8 {[%emt 0:07:30]} Rxc8 {[%emt 0:00:43]} 26. Qxc8+ {[%emt 0:00:30]} Kh7 {[%emt 0:00:00]} 27. Qe8 {[%emt 0:00:30]} 1-0